বাংলাদেশের কৃষিকাঠামো কৃষক সমাজ ও উন্নয়ন / (Record no. 59439)
[ view plain ]
| 000 -LEADER | |
|---|---|
| fixed length control field | 00985nam a2200229 a 4500 |
| 001 - CONTROL NUMBER | |
| control field | 59439 |
| 003 - CONTROL NUMBER IDENTIFIER | |
| rucl marc code | BD-RjUL |
| 005 - DATE AND TIME OF LATEST TRANSACTION | |
| control field | 20211209080729.0 |
| 008 - FIXED-LENGTH DATA ELEMENTS--GENERAL INFORMATION | |
| fixed length control field | 161224s1986 bg ||||| |||| 00| 0 ben d |
| 035 ## - SYSTEM CONTROL NUMBER | |
| System control number | (BD-RjUL)59563 |
| 040 ## - CATALOGING SOURCE | |
| Original cataloging agency | BD-RjUL |
| Language of cataloging | ben |
| Transcribing agency | BD-RjUL |
| Modifying agency | BD-RjUL |
| 041 ## - LANGUAGE CODE | |
| Language code of text/sound track or separate title | ben |
| 082 ## - DEWEY DECIMAL CLASSIFICATION NUMBER | |
| Edition number | 23 |
| Classification number | 338.9095492 |
| Author mark and year | RAB 1986 |
| 100 ## - MAIN ENTRY--PERSONAL NAME | |
| Personal name | রহমান, আসহাবুর |
| 9 (RLIN) | 162716 |
| 245 10 - TITLE STATEMENT | |
| Title | বাংলাদেশের কৃষিকাঠামো কৃষক সমাজ ও উন্নয়ন / |
| Statement of responsibility, etc. | আসহাবুর রহমান |
| 260 ## - PUBLICATION, DISTRIBUTION, ETC. (IMPRINT) | |
| Place of publication, distribution, etc. | ঢাকা : |
| Name of publisher, distributor, etc. | ইউনিভার্সিটি প্রেস লিমিটেড, |
| Date of publication, distribution, etc. | ১৯৮৬ |
| 300 ## - PHYSICAL DESCRIPTION | |
| Pagination | [৩৯], ১৫৮ পৃ. ; |
| Size | ২১ সেমি. |
| 500 ## - GENERAL NOTE | |
| General note | নির্ঘন্ট সংযুক্ত |
| 650 ## - SUBJECT ADDED ENTRY--TOPICAL TERM | |
| Topical term or geographic name as entry element | অর্থনৈতিক উন্নয়ন |
| Form subdivision | বাংলাদেশ |
| 9 (RLIN) | 162717 |
| Topical term or geographic name as entry element | Economics Development |
| Form subdivision | Bangladesh |
| 9 (RLIN) | 162451 |
| 942 ## - ADDED ENTRY ELEMENTS (KOHA) | |
| Source of classification or shelving scheme | Dewey Decimal Classification |
| Koha item type | Books |
| Lost status | Source of classification or shelving scheme | Damaged status | Not for loan | Collection code | Permanent Location | Current Location | Shelving location | Date acquired | Source of acquisition | Cost, normal purchase price | Total Checkouts | Full call number | Date last seen | Copy number | Koha item type |
|---|---|---|---|---|---|---|---|---|---|---|---|---|---|---|---|
| Dewey Decimal Classification | Not For Loan | Non-fiction | Central Library, University of Rajshahi | Central Library, University of Rajshahi | Reading Room | 11/10/1987 | Book Sindiket, Dhaka. | 50.00 | B 338.9095492 RAB 1986 | 24/12/2016 | C-1 | Books |